[Event "Sao Jose dos Campos op"]
[Site "Sao Jose dos Campos"]
[Date "2022.09.08"]
[Round "1"]
[White "Santos, Ruben Yokoyama Oliv"]
[Black "Alves, Danilo Vieira"]
[Result "0-1"]
[WhiteElo "1800"]
[BlackElo "1765"]
[PlyCount "86"]
[EventDate "2022.09.08"]
[EventType "swiss"]
[EventRounds "7"]
[EventCountry "BRA"]
[SourceTitle "CBM 210 Extra"]
[Source "ChessBase"]
[SourceDate "2022.11.30"]
[SourceVersion "1"]
[SourceVersionDate "2022.11.30"]
[SourceQuality "1"]

1. e4 c6 2. d4 d5 3. exd5 cxd5 4. Nf3 Nc6 5. Bf4 Bf5 6. Be2 e6 7. 0-0 Bd6 8. Ne5 Bxe5 9. dxe5 Nge7 10. Bg3 Ng6 11. f4 Qb6+ 12. Kh1 Qxb2 13. Nd2 Bxc2 14. Qc1 Qxc1 15. Raxc1 Nd4 16. Bb5+ Nxb5 17. Rxc2 Nd4 18. Rc7 b6 19. Rfc1 Ne2 20. R1c6 Nd4 21. Rc8+ Rxc8 22. Rxc8+ Kd7 23. Rc1 Rc8 24. Rd1 Ne2 25. Ne4 Rc1 26. Rxc1 Nxc1 27. Nd6 Nxa2 28. Nxf7 h6 29. h4 b5 30. h5 Ne7 31. Kg1 Nf5 32. Be1 b4 33. Bxb4 Nxb4 34. Kf1 a5 35. Ke2 a4 36. Kd2 a3 37. Kc1 a2 38. Kb2 d4 39. g4 Ne3 40. g5 Nc4+ 41. Ka1 d3 42. gxh6 d2 43. h7 d1Q# 0-1